Normal view
MARC view
Entry Personal Name
001 - CONTROL NUMBER
- control field: 17007
003 - CONTROL NUMBER IDENTIFIER
- control field: ARRUPE
005 - DATE AND TIME OF LATEST TRANSACTION
- control field: 20150409132420.0
008 - FIXED-LENGTH DATA ELEMENTS
- fixed length control field: 150409|| aca||aabn | a|a d
040 ## - CATALOGING SOURCE
- Original cataloging agency: ARRUPE
- Transcribing agency: ARRUPE
100 ## - HEADING--PERSONAL NAME
- Personal name: Chisholm, R.M.
670 ## - SOURCE DATA FOUND
- Source citation: Work cat.: (ARRUPE): Chisholm, R.M., Essays on the philosophy of Roderick M. Chisholm , 1979